00359nam a22000977a 4500082001200000100002400012245012200036260004100158650002700199700003500226 a200 THE aWahid Yaqoob Malik  aTH-SOF-1245-DESIGN, SIMULATION, FABRICATION AND TESTING OF AN X-BAND SOLID STATE POWER AMPLIFIER -Wahid Yaqoob Thesis aIslamabadbNUST College of EMEc2016 aMS-ELECT-79 MSTHESIS aSupervisor Dr Muhammad Naveed